000 00603nam a2200181Ia 4500
008 100920s9999 xx 000 0 und d
082 _b98492
_a49 न 07
100 _aव्ही. शांताराम.
245 _aशांतारामा.
260 _bरसिक आंतरभारती ,पुणे.
_c2007
300 _a535
_bसाधी
365 _b800
520 _aडिपॉझिट सेक्शन.
630 _aशांतारामा.
650 _aडिपॉझिट सेक्शन.
730 _aशांतारामा.
942 _cBOOK
999 _c738930
_d738927